000 00326nam a2200121Ia 4500
008 151213s9999 xx 000 0 und d
245 _aManpower Assessment & Planning Project in Asia
260 _aGeneva
_bInternational Labour Office
_c1978
300 _a2628 p.
650 _aManagement
650 _aManagement
999 _c1744
_d1744